000 00628pam a2200241 i 4500
005 20260322212039.0
008 data
010 _a 76002747
020 _a0385116861 :
_c{dollar}7.95
020 _a9780385116862 :
_c{dollar}7.95
040 _aDLC
_cDLC
_dDLC
050 0 0 _aPR1175
_b.F22
082 0 0 _a821/.008
092 _a821 F22 1977
245 1 0 _aFamiliar poems, annotated /
_cIsaac Asimov.
250 _a1st ed.
260 _aGarden City, N.Y. :
_bDoubleday,
_c1977.
300 _axi, 272 p. ;
_c22 cm.
650 0 _aEnglish poetry.
650 0 _aAmerican poetry.
700 1 _aAsimov, Isaac,
_d1920-1992.
001 data
999 _c931
_d931